Megjelent!

Elmentve itt :
Bibliográfiai részletek
További közreműködők: Kiss Tamás
Dokumentumtípus: Cikk
Megjelent: Belvedere Meridionale Szeged 2003
Sorozat:Belvedere Meridionale 15 No. 3-4
Kulcsszavak:Forradalom - Magyarország - 1956 - regionális - könyvismertetés, Egyetemi hallgatók politikai szerepe - Szeged - 1956 - könyvismertetés, Szeged - forradalom - 1956 - könyvismertetés
Tárgyszavak:
Online Access:http://acta.bibl.u-szeged.hu/4923
LEADER 00816nab a2200193 i 4500
001 acta4923
005 20250730145300.0
008 161015s2003 hu o 000 hun d
040 |a SZTE Egyetemi Kiadványok Repozitórium  |b hun 
041 |a hun 
245 0 0 |a Megjelent!  |h [elektronikus dokumentum] 
260 |a Belvedere Meridionale  |b Szeged  |c 2003 
300 |a 94 
490 0 |a Belvedere Meridionale  |v 15 No. 3-4 
650 4 |a Bölcsészettudományok 
650 4 |a Történettudomány és régészet 
695 |a Forradalom - Magyarország - 1956 - regionális - könyvismertetés, Egyetemi hallgatók politikai szerepe - Szeged - 1956 - könyvismertetés, Szeged - forradalom - 1956 - könyvismertetés 
700 0 1 |a Kiss Tamás 
856 4 0 |u http://acta.bibl.u-szeged.hu/4923/1/belvedere_2003_003_004_094.pdf  |z Dokumentum-elérés